Cost Accounting : (Record no. 33789)

MARC details
000 -LEADER
fixed length control field 00552nam a22002057a 4500
005 - DATE AND TIME OF LATEST TRANSACTION
control field 20231011165629.0
008 - FIXED-LENGTH DATA ELEMENTS--GENERAL INFORMATION
fixed length control field 231006b |||||||| |||| 00| 0 eng d
020 ## - INTERNATIONAL STANDARD BOOK NUMBER
ISBN 0538018607
082 ## - DEWEY DECIMAL CLASSIFICATION NUMBER
Classification number 658.1511
Item number MAT-
100 ## - MAIN ENTRY--AUTHOR
Author Name Matz,Adolph
245 ## - TITLE STATEMENT
Title Cost Accounting :
Remainder of title Planning and Control
250 ## - EDITION STATEMENT
Edition statement 7th ed.
260 ## - PUBLICATION, DISTRIBUTION, ETC.
Place of Publication Pakistan
Name of publisher, distributor, etc. Cengage Learning
Date of publication, distribution, etc. 2008
300 ## - PHYSICAL DESCRIPTION
Pages 880
500 ## - GENERAL NOTE
General note Include Index
650 ## - SUBJECT ADDED ENTRY--TOPICAL TERM
Subject / Department Business
700 ## - ADDED ENTRY--PERSONAL NAME
Personal name Adolph Matz
505 ## -
-- Concept Of management and function of the controller
942 ## - ADDED ENTRY ELEMENTS (KOHA)
-- Book
-- BOOK
952 ## - LOCATION AND ITEM INFORMATION (KOHA)
-- 0
-- 0
Holdings
Lost status Damaged status Collection code Permanent Location Current Location Shelving Location Date acquired Full Call Number Accession No./Barcode Date last seen item type
    Management Superior Information Resource Center (SIRC) Superior University- Main Campus Superior Information Resource Center (SIRC) Superior University- Main Campus Business 10/06/2023 658.1511 MAT-C 1980 20650 10/06/2023 BOOK

Powered by Koha